[Event "Washington State Invitational"]
[Site "Seattle"]
[Date "2010.02.13"]
[Round "6"]
[White "Goodfellow, Russell Robert"]
[Black "Narayanan, Siva Bala"]
[Result "0-1"]
[WhiteElo "1744"]
[BlackElo "1787"]
[PlyCount "47"]
[EventDate "2010.02.06"]
[EventType "tourn"]
[EventRounds "9"]
[EventCountry "USA"]
[SourceTitle "EXT 2017"]
[Source "ChessBase"]
[SourceDate "2016.10.25"]
[SourceVersion "1"]
[SourceVersionDate "2016.10.25"]
[SourceQuality "1"]

1. b4 c6 2. c4 Qb6 3. a3 a5 4. c5 Qc7 5. Qa4 d5 6. Nc3 Bd7 7. Bb2 Nf6 8. g3 d4 9. Na2 e5 10. Nf3 Bg4 11. Bg2 Nbd7 12. Rc1 Be7 13. 0-0 0-0 14. b5 Nxc5 15. Qc2 cxb5 16. e3 Bxf3 17. Bxf3 Rfd8 18. exd4 exd4 19. Rfe1 Rac8 20. Qf5 Bf8 21. Bg4 Nxg4 22. Qxg4 Qd7 23. Qh5 Nd3 24. Re4 0-1